000 00410cam a22001457a 4500
008 180718b1962 xxu||||| |||| 00| 0 eng d
082 _aN21 D364
100 _aDe Gramont, Sanche
245 _aSecret war: the story of international espionage since 145
_cby Sanche De Gramont
260 _aLondon
_bAndre Deutsch
_c1962
300 _a515p.
500 _a30/-
650 _aEspionage
650 _aSecret Service
999 _c363795
_d363795